00878cam a2200229 a 450000100100000000500170001000800410002704000230006808200180009110000370010924500490014626000710019530000210026649000360028765000300032365000320035365000480038583000450043391000340047895201210051299900150063300000489920200929151528.0920401s1991 ck 001 p spa  aDO-SdBNPcDLCdDLC aC861.4bR741l1 aRojas, Jorge,d1911-1995.91416713aEl libro de las tredécimas /cJorge Rojas. aSantafé de Bogotá, Colombia :bInstituto Caro y Cuervo,c1991. a106 p. ;c20 cm.1 aLa Granada entreabiertavno. 59 4aPoesía colombiana93742 4aLiteratura colombiana91244 4aLiteratura latinoaméricanaySIGLO XX9203 0aLa Granada entreabierta ;vno. 59.98104 aCatalogación por copia / LC 001052708MOaGRbGRcCTd2009-07-27iLF1l0oC861.4 R741lp4899-10r2020-06-25w2020-06-25y2ZPréstamo interno c4705d4705